Regions of Italy - Statistics

General Stats
  • This quiz has been taken 163 times
  • The average score is 13 of 20
Answer Stats
Answer Population % Correct
Sicily 4,840,876
93%
Tuscany 3,668,333
89%
Lombardy 9,966,992
85%
Sardinia 1,598,225
84%
Lazio 5,720,796
82%
Calabria 1,877,728
75%
Veneto 4,852,453
71%
Piedmont 4,273,210
70%
Emilia-Romagna 4,445,549
69%
Liguria 1,509,805
68%
Abruzzo 1,285,256
66%
Umbria 865,013
64%
Campania 5,679,759
61%
Marche 1,501,406
57%
Basilicata 547,579
56%
Aosta Valley 123,895
55%
Molise 296,547
55%
Apulia 3,926,931
52%
Friuli-Venezia Giulia 1,198,753
30%
Trentino-South Tyrol 1,078,460
21%
No matching quizzes found
Score Distribution
Percent of People with Each Score
Percentile by Number Answered
Your Score History
You have not taken this quiz